000 00666nam a2200265Ia 4500
008 160803s9999 xx 000 0 und d
020 _a059062198X
100 _aLionni, Leo
245 _aIt's mine! /
245 _cby Leo Lionni.
260 _aNew York :
260 _bScholastic Inc.
260 _c1986
300 _a29 unnumbered pages :
300 _bcolor illustrations ;
300 _c29 cm
500 _aOriginally published: New York : Alfred A. Knopf, Inc., c1986.
650 _aFrogs --
650 _aSelfishness --
650 _aSharing --
650 _xFiction.
650 _xFiction.
650 _xFiction.
700 _a470
999 _c299521
_d299521